Komparatívna analýza zdaňovania podnikateľských účtovných jednotiek a neziskových účtovných jednotiek diplomová práca

Na minha lista:
Detalhes bibliográficos
Autor principal: Nemkyová, Bibiana
Autor Corporativo: Fakulta hospodárskej informatiky EU. Katedra účtovníctva a audítorstva
Outros Autores: Solík, Ján
Formato: Livro
Idioma:eslovaco
Publicado em: Bratislava 2011
Tags: Adicionar Tag
Sem tags, seja o primeiro a adicionar uma tag!

MARC

LEADER 00000nam a2200000 4500
001 0147112
005 20240318124733.0
041 0 |a slo 
044 |a SK 
245 1 0 |a Komparatívna analýza zdaňovania podnikateľských účtovných jednotiek a neziskových účtovných jednotiek  |b diplomová práca  |c Bibiana Nemkyová ; školiteľ: Ján Solík 
264 1 |a Bratislava  |c 2011 
300 |a 81 s. 
100 1 |a Nemkyová, Bibiana 
700 1 |a Solík, Ján 
710 2 |a Fakulta hospodárskej informatiky EU. Katedra účtovníctva a audítorstva